Cadbury's Chocolate - Statistics

General Stats
  • This quiz has been taken 1,375 times
    1,374 since last reset
  • The average score is 9 of 49
Answer Stats
Answer % Correct
Dairy Milk
86%
Caramel
64%
Crunchie
60%
Flake
57%
Twirl
57%
Fruit and Nut
53%
Wispa
53%
Freddo
46%
Freddo
46%
Fudge
45%
Double Decker
43%
Curly Wurly
38%
Boost
34%
Picnic
32%
Whole Nut
32%
Chomp
29%
Turkish Delight
28%
Bournville
26%
Dream
21%
Wispa Gold
21%
Starbar
19%
Time Out
19%
Bubbly
8%
Crispello
4%
Creme Egg Twisted
2%
Boost Duo
1%
Brunch Chocolate Chip
1%
Brunch Raisin
1%
Chocos
1%
Dairy Milk with Oreo
1%
Flake Dipped
1%
Golden Biscuit Crunch
1%
Nutty Caramel
1%
Snack Sandwich
1%
Snack Shortcake
1%
Toffee Popcorn
1%
Bliss Chocolate Truffle
0%
Bliss Hazelnut Truffle
0%
Bliss Toffee Flavour Truffle
0%
Bournville Old Jamaica
0%
Brunch Hazelnut
0%
Bubbly Mint
0%
Bubbly White
0%
Dairy Milk Bar and a Half
0%
Dairy Milk with Crunchie Bits
0%
Double Decker Duo
0%
Marvellous Creations Cookie Nut Crunch
0%
Marvellous Creations Jelly Popping Candy Shells
0%
Snack Wafer
0%
No matching quizzes found
Score Distribution
Percent of People with Each Score
Percentile by Number Answered
Your Score History
You have not taken this quiz since the last reset